000 00415nam a2200157Ia 4500
008 221030s9999 xx 000 0 und d
020 _a9789350099858
041 _aEnglish
100 _aN. Radjou
245 0 _aFrugal Innovation : How to do better with Less
_cby N. Radjou, J. Prabhu
260 _bHachette Book Pub.
_aGurgaon
_c2015
300 _a252
650 _aGeneral
700 _aJ. Prabhu
942 _cBK
999 _c16611
_d16611